000 01214nam a2200277Ia 4500
003 OSt
005 20221005110459.0
006 a|||||r|||| 00| 0
007 ta
008 221004b |||||||| |||| 00| 0 hin d
020 _a8121405882 (hbk)
_cINR 700.00
024 _a41498
037 _b306, 25/02/2019, Eastern Book Linkers
_cTextual
040 _aCRL
_cCRL
_bhin
041 _2hin
_ahin
082 _aO152,6N3811x, P9
100 _aवंशी, बलदेव, संपा.
245 0 _aदिल्ली टी हाउस
_b आधी सदी की साहित्यिक हलचल साहित्यकारों की कलम से
246 _aDillī ṭī hāus : ādhī sadī kī sāhityik halachal sāhityakāroan kī kalam se
260 _aनई दिल्ली
_bनेशनल पब्लिशिंग हाउस भारत
_c2009
300 _a527पृ0
_ccm.
650 _a हिन्दी साहित्य
650 _aहिन्दी निबंध
942 _hO152,6N3811x, P9
_cTEXL
_2cc
999 _c1018958
_d1018958